[Event "Groningen op 58th"]
[Site "Groningen"]
[Date "2022.12.24"]
[Round "4"]
[White "Brouwer, Tim"]
[Black "Wang, Ellen"]
[Result "0-1"]
[WhiteElo "2169"]
[BlackElo "2020"]
[PlyCount "48"]
[EventDate "2022.12.21"]
[EventType "swiss"]
[EventRounds "9"]
[EventCountry "NED"]
[SourceTitle "CBM 211 Extra"]
[Source "ChessBase"]
[SourceDate "2023.01.31"]
[SourceVersion "1"]
[SourceVersionDate "2023.01.31"]
[SourceQuality "1"]

1. e4 c5 2. Nf3 e6 3. c3 d5 4. exd5 Qxd5 5. d4 cxd4 6. cxd4 Nf6 7. Nc3 Qd6 8. Nb5 Qd8 9. Qc2 Nc6 10. Ne5 Bd7 11. Nc4 Bb4+ 12. Bd2 0-0 13. a3 Bxd2+ 14. Qxd2 Ne7 15. Ne5 Bxb5 16. Bxb5 Qd5 17. Be2 Qxg2 18. Bf3 Qh3 19. Bxb7 Rab8 20. Bf3 Ng6 21. Rg1 Nxe5 22. dxe5 Qxf3 23. Rg3 Qh1+ 24. Ke2 Qe4+ 0-1

[Event "Groningen op 58th"]
[Site "Groningen"]
[Date "2022.12.23"]
[Round "3"]
[White "Wang, Ellen"]
[Black "Maatman, Nick"]
[Result "1/2-1/2"]
[WhiteElo "2020"]
[BlackElo "2348"]
[PlyCount "133"]
[EventDate "2022.12.21"]
[EventType "swiss"]
[EventRounds "9"]
[EventCountry "NED"]
[SourceTitle "CBM 211 Extra"]
[Source "ChessBase"]
[SourceDate "2023.01.31"]
[SourceVersion "1"]
[SourceVersionDate "2023.01.31"]
[SourceQuality "1"]

1. d4 Nf6 2. c4 e6 3. Nf3 d5 4. Nc3 Bb4 5. Qa4+ Nc6 6. e3 0-0 7. Qc2 Re8 8. Bd2 h6 9. Be2 e5 10. dxe5 Nxe5 11. Nxd5 Bxd2+ 12. Qxd2 Ne4 13. Qd4 Ng4 14. 0-0 c6 15. Nf4 Qe7 16. Nh5 f5 17. Rad1 Qf7 18. Ng3 c5 19. Qd3 Kh8 20. Nd2 Nxg3 21. hxg3 Qf6 22. Bxg4 fxg4 23. Qa3 b6 24. Nb1 Bb7 25. Nc3 Bxg2 26. Kxg2 Qf3+ 27. Kg1 Rxe3 28. Rd5 Rae8 29. Rf5 Qxf5 30. fxe3 Qd3 31. Nd5 Qxc4 32. Nf4 Qe4 33. Ng2 Rd8 34. Qc3 Rd3 35. Qc2 g5 36. Qf2 Qf3 37. Qxf3 gxf3 38. Rxf3 Kg7 39. Ne1 Rd1 40. Kf1 c4 41. Rf2 b5 42. Rc2 Kf6 43. Kf2 g4 44. b3 cxb3 45. axb3 Rb1 46. Rc6+ Kf5 47. Rc5+ Ke4 48. Rxb5 Rb2+ 49. Kf1 Kxe3 50. Rb7 a5 51. Rb5 Rf2+ 52. Kg1 Ra2 53. Rh5 Re2 54. Re5+ Kd2 55. Rxe2+ Kxe2 56. Nc2 Kf3 57. Kh2 h5 58. Nd4+ Ke4 59. Nc6 Kf3 60. Ne5+ Ke4 61. Nc6 Kf3 62. Kg1 Kxg3 63. Nxa5 Kf4 64. Nc4 Ke4 65. b4 Kd5 66. Ne3+ Kc6 67. Kg2 1/2-1/2

[Event "USA-ch U20 Girls"]
[Site "Saint Louis"]
[Date "2022.07.16"]
[Round "9"]
[White "Wu, Rochelle"]
[Black "Wang, Ellen"]
[Result "1-0"]
[WhiteElo "2216"]
[BlackElo "2040"]
[PlyCount "101"]
[EventDate "2022.07.07"]
[EventType "tourn"]
[EventRounds "9"]
[EventCountry "USA"]
[SourceTitle "CBM 209 Extra"]
[Source "ChessBase"]
[SourceDate "2022.09.30"]
[SourceVersion "1"]
[SourceVersionDate "2022.09.30"]
[SourceQuality "1"]

1. d4 d5 2. c4 e6 3. Nf3 c6 4. e3 Nf6 5. Nbd2 c5 6. cxd5 exd5 7. dxc5 Bxc5 8. Bb5+ Bd7 9. Bxd7+ Nbxd7 10. 0-0 0-0 11. b3 Ne4 12. Bb2 Re8 13. Rc1 Rc8 14. Qe2 Ndf6 15. Rfd1 Qe7 16. Nd4 Bb4 17. Nxe4 dxe4 18. Nf5 Qe6 19. Qb5 Bf8 20. Ng3 Rxc1 21. Rxc1 Qd5 22. Qxd5 Nxd5 23. Rc4 Nb4 24. a4 Nd3 25. Bd4 a6 26. Bb6 h6 27. Nxe4 Ne5 28. Rc7 Ng4 29. f3 Nxe3 30. Bxe3 f5 31. Rxb7 fxe4 32. Kf2 exf3 33. Kxf3 Rc8 34. Bd4 Rc2 35. Be5 Kh7 36. g4 Rc6 37. Ke4 Kg6 38. Bd4 Rc2 39. Rb6+ Kg5 40. Rxa6 Rxh2 41. Ra8 Be7 42. Bxg7 Kxg4 43. a5 h5 44. a6 Ra2 45. Bd4 h4 46. a7 h3 47. Rh8 Bh4 48. a8Q Rxa8 49. Rxa8 h2 50. Ra1 Kg3 51. Be5+ 1-0

[Event "USA-ch U20 Girls"]
[Site "Saint Louis"]
[Date "2022.07.13"]
[Round "6"]
[White "Wang, Ellen"]
[Black "Velea, Anne Marie"]
[Result "1/2-1/2"]
[WhiteElo "2040"]
[BlackElo "1956"]
[PlyCount "132"]
[EventDate "2022.07.07"]
[EventType "tourn"]
[EventRounds "9"]
[EventCountry "USA"]
[SourceTitle "CBM 209 Extra"]
[Source "ChessBase"]
[SourceDate "2022.09.30"]
[SourceVersion "1"]
[SourceVersionDate "2022.09.30"]
[SourceQuality "1"]

1. d4 d5 2. c4 e6 3. Nc3 Be7 4. Nf3 Nf6 5. Bf4 0-0 6. e3 b6 7. Qc2 c5 8. dxc5 bxc5 9. Rd1 Qa5 10. Be2 Nc6 11. 0-0 Ba6 12. cxd5 Nb4 13. Qb1 Nbxd5 14. Nxd5 exd5 15. Bxa6 Qxa6 16. Be5 Qe6 17. Qd3 Rfd8 18. h3 h6 19. Rc1 Ne4 20. Rfd1 Rac8 21. Rc2 Bd6 22. Bxd6 Rxd6 23. Rdc1 Rdc6 24. Nd2 f5 25. Nb1 Qe5 26. Nc3 Nxc3 27. Rxc3 Qe4 28. Rd1 Rd6 29. Qb5 a6 30. Qb7 Rcc6 31. f3 Qe5 32. Rcd3 Kh7 33. Qf7 d4 34. exd4 Rxd4 35. Qa7 Rxd3 36. Rxd3 Qxb2 37. Qd7 Rg6 38. Rd2 Qc1+ 39. Kh2 Qe1 40. Qd5 Qg3+ 41. Kh1 Qf4 42. Rd1 c4 43. Re1 Rd6 44. Qc5 Rd2 45. Rc1 Qg5 46. Rg1 Rc2 47. a4 c3 48. a5 Rc1 49. Rxc1 Qxc1+ 50. Kh2 Qc2 51. h4 Qd3 52. h5 c2 53. Qc6 f4 54. Qc5 Kg8 55. Qc8+ Kf7 56. Qc7+ Kg8 57. Qc8+ Kh7 58. Qc5 Qd1 59. Qf5+ Kg8 60. Qc8+ Kf7 61. Qc7+ Ke6 62. Qc6+ Ke5 63. Qc5+ Kf6 64. Qc6+ Kf7 65. Qc7+ Ke6 66. Qc6+ Ke7 1/2-1/2

[Event "North American-ch U21 Girls"]
[Site "Charlotte"]
[Date "2021.12.23"]
[Round "8"]
[White "Ehsani, Yassamin L"]
[Black "Wang, Ellen"]
[Result "1/2-1/2"]
[WhiteElo "1967"]
[BlackElo "2003"]
[PlyCount "48"]
[EventDate "2021.12.19"]
[EventType "swiss"]
[EventRounds "9"]
[EventCountry "USA"]
[SourceTitle "CBM 205 Extra"]
[Source "ChessBase"]
[SourceDate "2022.01.31"]
[SourceVersion "1"]
[SourceVersionDate "2022.01.31"]
[SourceQuality "1"]

1. d4 Nf6 2. c4 e6 3. Nf3 d5 4. Nc3 c6 5. Qd3 Nbd7 6. e4 dxe4 7. Nxe4 Nxe4 8. Qxe4 Nf6 9. Qd3 Bd6 10. Bg5 h6 11. Bd2 b6 12. Be2 Bb7 13. 0-0 c5 14. dxc5 Bxc5 15. b4 Be7 16. Qxd8+ Rxd8 17. Bc3 0-0 18. a3 Ne4 19. Be5 f6 20. Bb2 Nd2 21. Rfd1 Nxf3+ 22. Bxf3 Bxf3 23. gxf3 Kf7 24. Kf1 e5 1/2-1/2

[Event "North American-ch U21 Girls"]
[Site "Charlotte"]
[Date "2021.12.22"]
[Round "7"]
[White "Wang, Ellen"]
[Black "Demchenko, Svitlana"]
[Result "1-0"]
[WhiteElo "2003"]
[BlackElo "2224"]
[PlyCount "85"]
[EventDate "2021.12.19"]
[EventType "swiss"]
[EventRounds "9"]
[EventCountry "USA"]
[SourceTitle "CBM 205 Extra"]
[Source "ChessBase"]
[SourceDate "2022.01.31"]
[SourceVersion "1"]
[SourceVersionDate "2022.01.31"]
[SourceQuality "1"]

1. e4 c5 2. Nf3 Nc6 3. Bb5 g6 4. Bxc6 bxc6 5. 0-0 Bg7 6. c3 Nh6 7. d4 cxd4 8. cxd4 0-0 9. Nc3 d6 10. h3 Rb8 11. Qc2 f5 12. e5 Nf7 13. Bf4 g5 14. Nxg5 Nxg5 15. Bxg5 dxe5 16. dxe5 Bxe5 17. Rfe1 Bf6 18. Bxf6 Rxf6 19. Qe2 Be6 20. b3 Rg6 21. Qe5 Kf7 22. Ne2 Rb5 23. Qe3 Bc8 24. Nd4 Rd5 25. Nf3 Kf8 26. Ne5 Re6 27. Qf4 Rf6 28. Rac1 c5 29. Qh4 h6 30. Qg3 Qd6 31. b4 f4 32. Qc3 f3 33. bxc5 Qc7 34. Nxf3 Rdf5 35. Re3 Qf4 36. c6 Rg6 37. Rd1 Be6 38. Rd8+ Kf7 39. Qh8 Rg7 40. Qf8+ Kg6 41. Rxe6+ Kh5 42. Qxg7 Rf6 43. g4+ 1-0

[Event "World op 49th"]
[Site "Philadelphia"]
[Date "2021.07.03"]
[Round "4"]
[White "Chasin, Nico Werner"]
[Black "Wang, Ellen"]
[Result "1/2-1/2"]
[WhiteElo "2300"]
[BlackElo "2007"]
[PlyCount "86"]
[EventDate "2021.07.01"]
[EventType "swiss"]
[EventRounds "9"]
[EventCountry "USA"]
[SourceTitle "EXT 2022"]
[Source "ChessBase"]
[SourceDate "2021.10.06"]
[SourceVersion "1"]
[SourceVersionDate "2021.10.06"]
[SourceQuality "1"]

1. d4 d5 2. c4 dxc4 3. e3 e5 4. Bxc4 exd4 5. exd4 Bd6 6. Nf3 Nf6 7. 0-0 0-0 8. h3 h6 9. Nc3 Nc6 10. Re1 Bf5 11. Ne5 Bxe5 12. dxe5 Qxd1 13. Nxd1 Nd7 14. f4 Nb6 15. Bf1 Rad8 16. g4 Bd3 17. Bg2 Nd4 18. Ne3 Nc4 19. Bxb7 Nxe3 20. Bxe3 Nc2 21. Bc6 Nxa1 22. Rxa1 Rb8 23. b3 Bb5 24. Be4 a5 25. Rc1 c6 26. Bc5 Rfd8 27. Bd6 Rbc8 28. a4 Ba6 29. Rc5 Be2 30. Rxa5 Bd1 31. b4 Ra8 32. Rxa8 Rxa8 33. b5 Rxa4 34. Bxc6 Ra1 35. Kf2 Rb1 36. f5 Ba4 37. e6 fxe6 38. fxe6 Bxb5 39. Bd7 Rb3 40. h4 g6 41. Kg2 Kg7 42. Be5+ Kg8 43. Bf6 Kh7 1/2-1/2

[Event "World op 49th"]
[Site "Philadelphia"]
[Date "2021.07.03"]
[Round "5"]
[White "Wang, Ellen"]
[Black "Mahajan, Rushaan"]
[Result "1/2-1/2"]
[WhiteElo "2007"]
[BlackElo "2151"]
[PlyCount "111"]
[EventDate "2021.07.01"]
[EventType "swiss"]
[EventRounds "9"]
[EventCountry "USA"]
[SourceTitle "EXT 2022"]
[Source "ChessBase"]
[SourceDate "2021.10.06"]
[SourceVersion "1"]
[SourceVersionDate "2021.10.06"]
[SourceQuality "1"]

1. e4 c6 2. d4 d5 3. exd5 cxd5 4. c4 Nf6 5. Nc3 Nc6 6. Bf4 Be6 7. c5 Qa5 8. Bb5 Ne4 9. Nge2 g6 10. 0-0 Bg7 11. a3 0-0 12. Bxc6 bxc6 13. b4 Qa6 14. Be3 Rad8 15. f3 Nxc3 16. Nxc3 Bf5 17. Qd2 e5 18. Rfd1 Rfe8 19. a4 h5 20. b5 Qb7 21. bxc6 Qxc6 22. Nb5 Re7 23. dxe5 Bxe5 24. Bd4 a6 25. Nc3 Rc8 26. Rac1 Bxd4+ 27. Qxd4 Be6 28. Ne2 Bd7 29. Nf4 Qxa4 30. Qxa4 Bxa4 31. Nxd5 Re6 32. Nb6 Bxd1 33. Nxc8 Ba4 34. c6 Kf8 35. c7 Rc6 36. Rxc6 Bxc6 37. Na7 Bb7 38. c8Q+ Bxc8 39. Nxc8 a5 40. Nb6 Ke7 41. Kf2 Ke6 42. Ke3 g5 43. Ke4 h4 44. f4 f5+ 45. Ke3 Kf6 46. g3 Kg6 47. gxh4 gxf4+ 48. Kxf4 Kh5 49. Kg3 Kh6 50. Nc4 a4 51. Ne3 a3 52. Nxf5+ Kh7 53. Nd4 a2 54. Nc2 Kg6 55. Kg4 Kh6 56. h5 1/2-1/2

[Event "North American-ch U20 Girls"]
[Site "Charlotte"]
[Date "2020.12.19"]
[Round "1"]
[White "Wang, Ellen"]
[Black "Arnold, Peishanika Rose"]
[Result "1/2-1/2"]
[WhiteElo "1926"]
[BlackElo "1708"]
[PlyCount "226"]
[EventDate "2020.12.19"]
[EventType "swiss"]
[EventRounds "9"]
[EventCountry "USA"]
[SourceTitle "CBM 199 Extra"]
[Source "ChessBase"]
[SourceDate "2021.01.31"]
[SourceVersion "1"]
[SourceVersionDate "2021.01.31"]
[SourceQuality "1"]

1. e4 c5 2. Nf3 d6 3. d4 cxd4 4. Nxd4 Nf6 5. f3 a6 6. c4 e6 7. Nc3 Be7 8. Be2 0-0 9. Be3 Qc7 10. 0-0 Nbd7 11. Qd2 Nb6 12. Rac1 Rd8 13. Rfd1 Nbd7 14. a3 b6 15. b4 Bb7 16. Nb3 Rac8 17. Bf1 Qb8 18. Qf2 Ba8 19. Na4 Rc6 20. Rb1 b5 21. cxb5 axb5 22. Ba7 Qc7 23. Bxb5 Rc2 24. Qe3 d5 25. Bd3 Ra2 26. Rdc1 Qd6 27. Nc3 Rxa3 28. Nb5 Qxb4 29. Nxa3 Qxa3 30. Nd2 Ne5 31. Be2 Qxe3+ 32. Bxe3 dxe4 33. Nxe4 Nxe4 34. fxe4 Bxe4 35. Ra1 h6 36. Ra7 Bf6 37. Rac7 Rb8 38. Rc8+ Rxc8 39. Rxc8+ Kh7 40. Kf2 Nd3+ 41. Bxd3 Bxd3 42. Rc7 Kg6 43. h3 Be4 44. g3 Bf5 45. h4 Bg4 46. Rc6 Be5 47. Ra6 h5 48. Ra7 Bd6 49. Rd7 Be5 50. Bd4 Bxd4+ 51. Rxd4 f5 52. Ke3 Kf6 53. Rd6 Ke5 54. Ra6 g6 55. Ra5+ Kf6 56. Kf4 Be2 57. Ra8 e5+ 58. Ke3 Bc4 59. Rc8 Be6 60. Rc6 Ke7 61. Rb6 Kf6 62. Kd3 f4 63. gxf4 exf4 64. Ke4 f3 65. Kxf3 Ke5 66. Rb5+ Kd4 67. Kf4 Bf5 68. Re5 Kc4 69. Re7 Kd4 70. Kg5 Kd5 71. Re8 Kd6 72. Kf6 Kd5 73. Re1 Kd4 74. Re5 Kc4 75. Ke7 Kd4 76. Kd6 Be4 77. Ra5 Bf5 78. Ra4+ Ke3 79. Ke5 Kf3 80. Kf6 Kg3 81. Kg5 Kf3 82. Ra8 Ke4 83. Ra5 Ke3 84. Rd5 Ke4 85. Rd8 Ke5 86. Re8+ Kd4 87. Kf4 Kd5 88. Ra8 Ke6 89. Ra5 Kd6 90. Ke3 Ke6 91. Kd4 Kf6 92. Ra6+ Kg7 93. Ke5 Kh6 94. Kf6 Bd3 95. Ra7 Be4 96. Rg7 Bd3 97. Kf7 Bc4+ 98. Kf6 Bd3 99. Rd7 Be4 100. Rd8 Kh7 101. Kg5 Bc2 102. Rd7+ Kg8 103. Kf6 Kh8 104. Kf7 Kh7 105. Kf8+ Kh8 106. Rg7 Bd3 107. Kf7 Be4 108. Kf6 Bd3 109. Ra7 Be4 110. Kg5 Kg8 111. Kh6 Kf8 112. Ra4 Bf5 113. Rf4 Kf7 1/2-1/2

[Event "Wch FIDE Online U14 Girls America qual"]
[Site "Tornelo INT"]
[Date "2020.12.01"]
[Round "1"]
[White "Wang, Ellen"]
[Black "Jean Francois, Valencia"]
[Result "1-0"]
[WhiteElo "1926"]
[BlackElo "1398"]
[PlyCount "79"]
[EventDate "2020.12.01"]
[EventType "swiss (rapid)"]
[EventRounds "7"]
[EventCountry "ISS"]
[SourceTitle "EXT 2022"]
[Source "ChessBase"]
[SourceDate "2021.10.06"]
[SourceVersion "1"]
[SourceVersionDate "2021.10.06"]
[SourceQuality "1"]

1. e4 e5 2. Nf3 Nc6 3. Bb5 d6 4. d4 exd4 5. Nxd4 Bd7 6. Nc3 a6 7. Be2 Nf6 8. 0-0 Be7 9. Be3 0-0 10. f3 b5 11. a3 Nxd4 12. Qxd4 c5 13. Qd2 h6 14. Rfd1 Nh5 15. Nd5 Bf6 16. Nxf6+ Nxf6 17. Qxd6 c4 18. e5 Nh7 19. Qxd7 Qxd7 20. Rxd7 Rfe8 21. Bf4 f6 22. Rad1 fxe5 23. Bg3 Nf6 24. R7d6 e4 25. fxe4 Nxe4 26. Bf3 Nxd6 27. Bxa8 Nf5 28. Bf3 Nxg3 29. hxg3 Kh7 30. Kf2 Kg6 31. Rd6+ Kg5 32. Rxa6 Re5 33. Ra5 g6 34. a4 Kf5 35. Rxb5 Ke6 36. Rxe5+ Kxe5 37. a5 Kd6 38. a6 Kc7 39. a7 Kb6 40. a8Q 1-0

[Event "USA National op 51st"]
[Site "ICC INT"]
[Date "2020.11.29"]
[Round "7"]
[White "Wang, Ellen"]
[Black "Zeng, Sheena"]
[Result "1/2-1/2"]
[WhiteElo "1926"]
[BlackElo "2065"]
[PlyCount "50"]
[EventDate "2020.11.27"]
[EventType "swiss"]
[EventRounds "9"]
[EventCountry "USA"]
[SourceTitle "CBM 199 Extra"]
[Source "ChessBase"]
[SourceDate "2021.01.31"]
[SourceVersion "1"]
[SourceVersionDate "2021.01.31"]
[SourceQuality "1"]

1. e4 e6 2. d4 d5 3. Nc3 dxe4 4. Nxe4 Nd7 5. Nf3 Ngf6 6. Nxf6+ Nxf6 7. Bd3 c5 8. Be3 Qc7 9. 0-0 Bd6 10. dxc5 Bxc5 11. Bb5+ Bd7 12. Bxd7+ Nxd7 13. Bxc5 Qxc5 14. Qd3 Nf6 15. Rad1 0-0 16. c3 Rac8 17. Rfe1 Qb6 18. Qe2 Rfd8 19. h3 h6 20. Ne5 Rxd1 21. Rxd1 Rd8 22. Nc4 Qc7 23. Rxd8+ Qxd8 24. Qd2 Qxd2 25. Nxd2 Kf8 1/2-1/2

[Event "USA National op 51st"]
[Site "ICC INT"]
[Date "2020.11.27"]
[Round "2"]
[White "Wang, Ellen"]
[Black "Belous, Vladimir"]
[Result "0-1"]
[WhiteElo "1926"]
[BlackElo "2524"]
[PlyCount "98"]
[EventDate "2020.11.27"]
[EventType "swiss"]
[EventRounds "9"]
[EventCountry "USA"]
[SourceTitle "CBM 199 Extra"]
[Source "ChessBase"]
[SourceDate "2021.01.31"]
[SourceVersion "1"]
[SourceVersionDate "2021.01.31"]
[SourceQuality "1"]

1. e4 c5 2. Nf3 Nc6 3. Bb5 g6 4. Bxc6 dxc6 5. d3 Bg7 6. h3 b6 7. Nc3 Nh6 8. Be3 f6 9. Qd2 Nf7 10. 0-0 e5 11. Nh2 0-0 12. f4 exf4 13. Bxf4 Be6 14. Rae1 Qd7 15. Nf3 Rad8 16. a4 a5 17. Be3 Qc7 18. Qf2 Bc8 19. Nd2 Ba6 20. Bf4 Qd7 21. Qg3 Qb7 22. h4 Rd7 23. h5 g5 24. Be3 Qb8 25. Qxb8 Rxb8 26. Ne2 Nh6 27. Ng3 Re7 28. b3 Bc8 29. Nc4 Re6 30. Bd2 Bd7 31. Bc3 Be8 32. Rf3 Ng4 33. Ref1 Bf7 34. e5 b5 35. exf6 Bf8 36. Nxa5 c4 37. Ne4 h6 38. axb5 cxd3 39. cxd3 Rxb5 40. Nc4 Rxb3 41. Rg3 Rxe4 42. dxe4 Bc5+ 43. Kh1 Nf2+ 44. Rxf2 Bxf2 45. Rd3 Bxc4 46. Rd8+ Kf7 47. Rd7+ Ke8 48. Re7+ Kf8 49. Bd2 Bg3 0-1

[Event "Titled Tuesday intern op 12th May"]
[Site "Chess.com INT"]
[Date "2020.05.12"]
[Round "7"]
[White "Sapis, Witalis"]
[Black "Wang, Ellen"]
[Result "1-0"]
[WhiteElo "2382"]
[BlackElo "1926"]
[PlyCount "57"]
[EventDate "2020.05.12"]
[EventType "swiss (blitz)"]
[EventRounds "10"]
[EventCountry "USA"]
[SourceTitle "EXT 2021"]
[Source "ChessBase"]
[SourceDate "2020.10.23"]
[SourceVersion "1"]
[SourceVersionDate "2020.10.23"]
[SourceQuality "1"]

1. d4 d5 2. c4 c6 3. Nf3 e6 4. Nc3 dxc4 5. e4 b5 6. a4 Bb4 7. Be2 a6 8. 0-0 Bb7 9. Bg5 Be7 10. Qd2 h6 11. Bxe7 Nxe7 12. e5 0-0 13. Ne4 Nd7 14. Nd6 Qb6 15. Qf4 Nd5 16. Qg4 c5 17. dxc5 Nxc5 18. Nd4 f5 19. Qg6 Nf4 20. Qg3 Ncd3 21. Bxd3 Qxd4 22. Nxb7 Nxd3 23. axb5 axb5 24. Rxa8 Rxa8 25. Nd6 Rb8 26. Qg6 Qxe5 27. Qf7+ Kh8 28. Ne8 Qc5 29. Qxg7# 1-0

[Event "Titled Tuesday intern op 12th May"]
[Site "Chess.com INT"]
[Date "2020.05.12"]
[Round "5"]
[White "Wang, Ellen"]
[Black "Isajevsky, Anton"]
[Result "1-0"]
[WhiteElo "1926"]
[BlackElo "2403"]
[PlyCount "73"]
[EventDate "2020.05.12"]
[EventType "swiss (blitz)"]
[EventRounds "10"]
[EventCountry "USA"]
[SourceTitle "EXT 2021"]
[Source "ChessBase"]
[SourceDate "2020.10.23"]
[SourceVersion "1"]
[SourceVersionDate "2020.10.23"]
[SourceQuality "1"]

1. e4 c5 2. Nf3 d6 3. Bb5+ Nd7 4. 0-0 a6 5. Bd3 b6 6. c3 Bb7 7. Bc2 Rc8 8. d4 Qc7 9. Bd3 Ngf6 10. Re1 e6 11. d5 e5 12. a4 Be7 13. b3 0-0 14. Nh4 g6 15. Nf3 Ne8 16. Bh6 Ng7 17. c4 Nf6 18. h3 Kh8 19. a5 Ng8 20. axb6 Qxb6 21. Bd2 f5 22. Ba5 Qa7 23. b4 cxb4 24. Bxb4 fxe4 25. Rxe4 Nf6 26. Re1 e4 27. Nc3 exd3 28. Rxe7 Rxc4 29. Qb3 Rf4 30. Bxd6 Rxf3 31. gxf3 Qd4 32. Qxb7 Qxc3 33. Rf1 d2 34. Rxg7 Qxf3 35. Bxf8 d1Q 36. Rxh7+ Kg8 37. Qg7# 1-0

[Event "Titled Tuesday intern op 5th May"]
[Site "Chess.com INT"]
[Date "2020.05.05"]
[Round "8"]
[White "Poobesh Anand, Selvaraj"]
[Black "Wang, Ellen"]
[Result "0-1"]
[WhiteElo "2389"]
[BlackElo "1926"]
[PlyCount "63"]
[EventDate "2020.05.05"]
[EventType "swiss (blitz)"]
[EventRounds "10"]
[EventCountry "USA"]
[SourceTitle "EXT 2021"]
[Source "ChessBase"]
[SourceDate "2020.10.23"]
[SourceVersion "1"]
[SourceVersionDate "2020.10.23"]
[SourceQuality "1"]

1. e4 c5 2. Nf3 d6 3. d4 cxd4 4. Nxd4 Nf6 5. Nc3 a6 6. h3 e6 7. g4 Nfd7 8. g5 Be7 9. Be3 b5 10. a3 Bb7 11. Qd2 Nc6 12. f4 Nxd4 13. Bxd4 e5 14. Be3 exf4 15. Bxf4 h6 16. Rg1 hxg5 17. Bxg5 Bxg5 18. Rxg5 Qf6 19. 0-0-0 Ne5 20. Rf5 Qh6 21. Kb1 Qxd2 22. Rxd2 Ke7 23. Nd5+ Bxd5 24. Rxd5 Rh4 25. Bg2 g6 26. Rf1 Rc8 27. Rfd1 Nc4 28. R1d3 Rf4 29. Ka2 Rf2 30. Bf3 Rxc2 31. Kb3 Rxb2+ 32. Kc3 0-1

[Event "Titled Tuesday intern op 5th May"]
[Site "Chess.com INT"]
[Date "2020.05.05"]
[Round "1"]
[White "Wang, Ellen"]
[Black "Potapov, Alexander1111"]
[Result "0-1"]
[WhiteElo "1926"]
[BlackElo "2424"]
[PlyCount "56"]
[EventDate "2020.05.05"]
[EventType "swiss (blitz)"]
[EventRounds "10"]
[EventCountry "USA"]
[SourceTitle "EXT 2021"]
[Source "ChessBase"]
[SourceDate "2020.10.23"]
[SourceVersion "1"]
[SourceVersionDate "2020.10.23"]
[SourceQuality "1"]

1. e4 e5 2. Nf3 Nc6 3. Bb5 a6 4. Ba4 Nf6 5. 0-0 b5 6. Bb3 Bb7 7. d3 Bd6 8. c3 0-0 9. Re1 Na5 10. Bc2 c5 11. Nbd2 Re8 12. Nf1 h6 13. Ne3 Bf8 14. a4 d5 15. exd5 Nxd5 16. Nxd5 Qxd5 17. Be3 b4 18. cxb4 cxb4 19. d4 e4 20. Nd2 Rac8 21. Bb3 Nxb3 22. Qxb3 Qf5 23. a5 Bd5 24. Qa4 Qg6 25. Rac1 f5 26. g3 Qh5 27. Nb3 f4 28. Bxf4 e3 0-1

[Event "Isolated Queens Internet op 2nd"]
[Site "Chess.com INT"]
[Date "2020.05.02"]
[Round "8"]
[White "Sihite, Chelsie Monica"]
[Black "Wang, Ellen"]
[Result "0-1"]
[WhiteElo "2252"]
[BlackElo "1926"]
[PlyCount "74"]
[EventDate "2020.05.02"]
[EventType "swiss"]
[EventRounds "10"]
[EventCountry "USA"]
[SourceTitle "CBM 195 Extra"]
[Source "ChessBase"]
[SourceDate "2020.05.31"]
[SourceVersion "1"]
[SourceVersionDate "2020.05.31"]
[SourceQuality "1"]

1. c4 e6 2. Nf3 d5 3. e3 Nf6 4. Nc3 c6 5. Be2 Bd6 6. 0-0 0-0 7. d4 dxc4 8. Bxc4 b5 9. Bd3 Bb7 10. e4 Be7 11. e5 Nd5 12. Ne4 h6 13. Bd2 a6 14. Rc1 Nd7 15. Bb1 Re8 16. Ne1 Rc8 17. Qg4 Kh8 18. Qh5 f5 19. exf6 N7xf6 20. Qg6 Rf8 21. Bxh6 gxh6 22. Qxh6+ Kg8 23. Ng5 Rf7 24. Nxf7 Kxf7 25. Bg6+ Kg8 26. Nf3 Qf8 27. Qh4 Qg7 28. Ne5 Nd7 29. Qg3 Nxe5 30. dxe5 Rf8 31. h4 Bxh4 32. Qxh4 Qxg6 33. Rce1 Nf4 34. g3 c5 35. Rd1 Ne2+ 36. Kh2 Nd4 37. Rde1 Nf3+ 0-1

[Event "Isolated Queens Internet op 2nd"]
[Site "Chess.com INT"]
[Date "2020.05.02"]
[Round "9"]
[White "Wang, Ellen"]
[Black "Krush, Irina"]
[Result "0-1"]
[WhiteElo "1926"]
[BlackElo "2429"]
[PlyCount "120"]
[EventDate "2020.05.02"]
[EventType "swiss"]
[EventRounds "10"]
[EventCountry "USA"]
[SourceTitle "CBM 195 Extra"]
[Source "ChessBase"]
[SourceDate "2020.05.31"]
[SourceVersion "1"]
[SourceVersionDate "2020.05.31"]
[SourceQuality "1"]

1. e4 c5 2. Nf3 d6 3. Bb5+ Nd7 4. 0-0 Ngf6 5. Re1 a6 6. Bd3 e5 7. c3 Be7 8. Bc2 0-0 9. d4 cxd4 10. cxd4 b5 11. a4 b4 12. a5 Bb7 13. Nbd2 Rc8 14. b3 Re8 15. Nc4 exd4 16. Nxd4 d5 17. exd5 Bxd5 18. Qd3 Nc5 19. Qd2 Nfe4 20. Bxe4 Nxe4 21. Qd3 Bc5 22. Bb2 Qh4 23. g3 Qh3 24. Ne3 Nxf2 25. Qf1 Rxe3 26. Rxe3 Qxf1+ 27. Rxf1 Ng4 28. Rd3 f6 29. h3 Ne5 30. Rdd1 Bxb3 31. Rde1 Rd8 32. Re4 Bd5 33. Ref4 Bb7 34. Kh2 h5 35. g4 hxg4 36. hxg4 Bxd4 37. Bxd4 Nf3+ 38. R1xf3 Bxf3 39. Rxf3 Rxd4 40. Kg3 Kf7 41. Re3 Rd5 42. Rb3 Rb5 43. Kf4 g5+ 44. Ke4 Kg6 45. Kd4 f5 46. gxf5+ Kxf5 47. Rf3+ Kg4 48. Rb3 Kf4 49. Kc4 g4 50. Rxb4 Rxb4+ 51. Kxb4 g3 52. Kc5 g2 53. Kb6 g1Q+ 54. Kxa6 Qg6+ 55. Kb7 Qf7+ 56. Kb6 Qe6+ 57. Kb7 Qd7+ 58. Kb6 Qd4+ 59. Kb7 Qb4+ 60. Ka6 Ke5 0-1

[Event "Wch U12 Girls"]
[Site "Weifang"]
[Date "2019.??.??"]
[Round "?"]
[White "Wang, Ellen"]
[Black "Karmanova, Olga Dm"]
[Result "0-1"]
[WhiteElo "1867"]
[BlackElo "1838"]
[PlyCount "110"]
[EventDate "2019.08.21"]
[EventType "swiss"]
[EventRounds "11"]
[EventCountry "CHN"]
[SourceTitle "EXT 2020"]
[Source "ChessBase"]
[SourceDate "2019.10.17"]
[SourceVersion "1"]
[SourceVersionDate "2019.10.17"]
[SourceQuality "1"]

1. e4 c5 2. Nf3 e6 3. Nc3 a6 4. d4 cxd4 5. Nxd4 d6 6. Bc4 Nf6 7. 0-0 Be7 8. Bb3 Qc7 9. f4 Nc6 10. Kh1 Bd7 11. f5 Nxd4 12. Qxd4 0-0 13. Be3 b5 14. Rad1 Rab8 15. Bg1 b4 16. Ne2 e5 17. Qd3 a5 18. Rd2 a4 19. Bd5 h6 20. Qf3 Nxd5 21. exd5 Bb5 22. Re1 Bg5 23. Be3 Bxe3 24. Qxe3 Bxe2 25. Qxe2 Qe7 26. Qe4 Qf6 27. h3 Rfc8 28. a3 bxa3 29. bxa3 Qg5 30. Rde2 Qf4 31. Qxf4 exf4 32. Re4 f3 33. gxf3 Rxc2 34. Rxa4 Rbb2 35. Ra6 Kh7 36. Rxd6 Rh2+ 37. Kg1 Rbg2+ 38. Kf1 Ra2 39. Kg1 Rhd2 40. Rd7 f6 41. d6 Rxa3 42. Rf1 Raa2 43. Rc1 Rg2+ 44. Kh1 Rh2+ 45. Kg1 Rag2+ 46. Kf1 Rd2 47. Kg1 Rxh3 48. Rcc7 Rg3+ 49. Kf1 h5 50. Rd8 Rxf3+ 51. Ke1 Rfd3 52. d7 Kh6 53. Rh8+ Kg5 54. d8Q Rxd8 55. Rxg7+ Kxf5 0-1